| 000 | 00564nam a2200181Ia 4500 | ||
|---|---|---|---|
| 008 | 230917s9999||||xx |||||||||||||| ||und|| | ||
| 020 | _cRS3195 | ||
| 040 |
_e251440 _aMAIN |
||
| 041 | _aEnglish | ||
| 082 | _a346.0922 C392L(8) | ||
| 100 | _aChaturvedi, R G | ||
| 245 | 0 | _aLaw and practice of securitisation and reconstruction of financial assets and enforcement of security interest | |
| 250 | _a8th ed. | ||
| 260 |
_aJaipur _bBharat Law Publications _c2018 |
||
| 300 | _a1976 p. | ||
| 500 | _a3329 28/11/2018 RKB18/2439 06/12/2018 Main Budget | ||
| 942 | _cBK | ||
| 999 |
_c29059 _d29059 |
||